Statistiques concernant Reliez le réalisateur américain à son film

Cliquez ici pour prendre le quiz!

Statistiques générales

  • Ce quiz a été pris 399 fois
  • Le résultat moyen est 12 sur 18

Statistiques - réponses

HintRéponse% Correct
E.T., l'extra-terrestreSteven Spielberg
92%
InceptionChristopher Nolan
90%
Pulp FictionQuentin Tarantino
89%
Edward aux mains d'argentTim Burton
85%
Les OiseauxAlfred Hitchcock
81%
Les AffranchisMartin Scorsese
69%
2001, l'Odyssée de l'espaceStanley Kubrick
69%
The Grand Budapest HotelWes Anderson
68%
Million Dollar BabyClint Eastwood
66%
Alien, le huitième passagerRidley Scott
66%
Apocalypse NowFrancis Ford Coppola
61%
Citizen KaneOrson Welles
58%
Lady BirdGreta Gerwig
57%
Mulholland DriveDavid Lynch
52%
The Big LebowskiJoel et Ethan Coen
51%
Virgin SuicidesSofia Coppola
50%
Malcolm XSpike Lee
50%
The Tree of LifeTerrence Malick
40%

Distribution des résultats

Percentile par nombre de réponses

% des personnes avec chaque résultat

Votre développement - résultats

Vous n’avez pas pris ce quiz